| 000 | 00731nam a2200181 i 4500 | ||
|---|---|---|---|
| 001 | 166454 | ||
| 003 | ES-MaACL | ||
| 005 | 20230906213335.0 | ||
| 008 | 050915s1878 cl | |||||||| ||spa d | ||
| 040 |
_aCAM _bspa _cCAM |
||
| 100 | 1 |
_aToro, Gaspar. _9133305 |
|
| 245 | 1 | 3 |
_aLa diplomacia chileno-arjentina [sic] en la cuestion de limites / _cpor Gaspar Toro. |
| 260 |
_aSantiago de Chile : _b[s.n.], _c1878 ( _fImp. de la Lib. del Mercurio de E. Undurraga i Ca.) |
||
| 300 |
_a66 p. ; _c18 cm. |
||
| 651 | 4 |
_aChile- _xPolítica internacional. _9137097 |
|
| 651 | 4 |
_aArgentina- _xPolítica internacional. _9137054 |
|
| 852 |
_aES-MaACL _jT-348-F-1 _z-- Enc. hol. _z-- Dedicatoria ms. de Cardoza al Ateneo _z-- Enc. en un vol. facticio |
||
| 999 |
_c166454 _d166454 |
||